000 00303 a2200121 4500
999 _c321774
_d321774
001 86701
003 NUST
005 20180123110137.0
008 180123b xxu||||| |||| 00| 0 eng d
082 _a891.4393 SUM
100 _aSumaira Sharif Toro
_99567
245 _aMohabat Yaqeen Aitemaad
_hUrdu
260 _aLahore
_bAl-Quresh Publication
_c2012
300 _a304p.
942 _aCAE NUST
_cBK
_k891.4393 SUM
_2ddc